000 00583nam a2200181Ia 4500
005 20250508151224.0
008 008 250505s9999 xx 000 0 eng d
037 _aTextual
040 _aFEDL
_beng
_cFEDL
041 _aeng
_2eng
084 _a371.33523, FIE
_qFEDL
100 _aField Mary
_9758676
245 0 _aGood company : The story of the children's entertainment film movement in Great Britain 1943-1950
260 _aLondon, UK
_bLongmans, Green and Co.
_c1952
300 _aviii,192p.
942 _cTEXL
_h371.33523, FIE
999 _c1328313
_d1328313